Score 0/25 Timer 08:00
0 Plays Today
% Correct
Tigerstar
87.4%
Firestar
87%
Brightheart
83.2%
Graystripe
82.4%
Cinderpelt
80.3%
Jayfeather
77.3%
Mapleshade
68.9%
Hawkfrost
65.5%
Dovewing
64.3%
Tallstar
60.5%
Crookedstar
52.9%
Crowfeather
50.4%
Sol
48.3%
% Correct
Berrynose
47.5%
Briarlight
37.4%
Needletail
35.3%
Snowtuft
32.8%
Purdy
31.5%
Brackenfur
29.8%
Sparkpelt
29.4%
Pinestar
28.6%
Shadowsight
23.9%
Onestar
22.3%
Appledusk
20.6%
Runningnose
15.5%
Remove Ads.
Support Sporcle.
Get the best of Sporcle when you Go Orange. This ad-free experience offers more features, more stats, and more fun while also helping to support Sporcle. Thank you for becoming a member.

You're not logged in!

Compare scores with friends on all Sporcle quizzes.
OR
Log In

Sporcle TV

Today on Sporcle TV


Watch our educational content, quiz creation guides, and fun videos on Sporcle TV.

Show Comments

Extras

Top Quizzes Today


Score Distribution

Paid Content

Your Account Isn't Verified!

In order to create a playlist on Sporcle, you need to verify the email address you used during registration. Go to your Sporcle Settings to finish the process.

Report this User

Report this user for behavior that violates our Community Guidelines.

Details: